<?xml version="1.0" encoding="UTF-8"?><?xml-stylesheet type="text/xsl" href="static/style.xsl"?><OAI-PMH xmlns="http://www.openarchives.org/OAI/2.0/" xmlns:xsi="http://www.w3.org/2001/XMLSchema-instance" xsi:schemaLocation="http://www.openarchives.org/OAI/2.0/ http://www.openarchives.org/OAI/2.0/OAI-PMH.xsd"><responseDate>2026-04-13T02:31:29Z</responseDate><request verb="GetRecord" identifier="oai:www.recercat.cat:2117/441206" metadataPrefix="marc">https://recercat.cat/oai/request</request><GetRecord><record><header><identifier>oai:recercat.cat:2117/441206</identifier><datestamp>2025-09-06T03:47:33Z</datestamp><setSpec>com_2072_1033</setSpec><setSpec>col_2072_452950</setSpec></header><metadata><record xmlns="http://www.loc.gov/MARC21/slim" xmlns:dcterms="http://purl.org/dc/terms/" xmlns:xsi="http://www.w3.org/2001/XMLSchema-instance" xmlns:doc="http://www.lyncode.com/xoai" xsi:schemaLocation="http://www.loc.gov/MARC21/slim http://www.loc.gov/standards/marcxml/schema/MARC21slim.xsd">
   <leader>00925njm 22002777a 4500</leader>
   <datafield ind2=" " ind1=" " tag="042">
      <subfield code="a">dc</subfield>
   </datafield>
   <datafield ind2=" " ind1=" " tag="720">
      <subfield code="a">Gao, Yimin</subfield>
      <subfield code="e">author</subfield>
   </datafield>
   <datafield ind2=" " ind1=" " tag="720">
      <subfield code="a">Liu, Xian</subfield>
      <subfield code="e">author</subfield>
   </datafield>
   <datafield ind2=" " ind1=" " tag="720">
      <subfield code="a">Turmo Coderque, José</subfield>
      <subfield code="e">author</subfield>
   </datafield>
   <datafield ind2=" " ind1=" " tag="720">
      <subfield code="a">Ramos Schneider, Gonzalo</subfield>
      <subfield code="e">author</subfield>
   </datafield>
   <datafield ind2=" " ind1=" " tag="720">
      <subfield code="a">Rivera, Sebastian</subfield>
      <subfield code="e">author</subfield>
   </datafield>
   <datafield ind2=" " ind1=" " tag="260">
      <subfield code="c">2025</subfield>
   </datafield>
   <datafield ind2=" " ind1=" " tag="520">
      <subfield code="a">El método de elevación ha sido ampliamente utilizado para la construcción de pozos verticales que generan la conexión para el ingreso de agua en túneles hidráulicos. El método constructivo para tales pozos se categoriza en tres principales tipos: el método de escudo ascen-dente, el método de elevación vertical y la elevación de tubería vertical. Entonces, comparándolo con los otros dos métodos, el método de elevación vertical tiene una ventaja ya que su proceso de construcción es mas simple. Sin embargo, debido a las fuerzas importantes de elevación el recubrimiento del túnel experimentara un incremento de cargas que lo lleva a respuestas es-tructurales mas importantes. Por lo tanto, es de suma importancia considerar estos factores en el diseño del recubrimiento de los segmentos del túnel. En el presen-te articulo, la sección transversal del pozo, el espesor del segmento, y las propiedades requeridas del material son analizadas. De acuerdo a los resultados se identifi-ca que la reducción de la sección transversal del pozo hace que la estructura sea mas segura cuando la corona de los segmentos del recubrimiento se remueve, pero no en las etapas posteriores. Por otro lado, el espesor del segmento del túnel tiene una menor influencia en las fuerzas internas durante cada etapa. Finalmente, desde el punto de vista del material, la estructura del anillo compuesto por concreto y acero presenta un incremen-to en la capacidad de carga ultima a pesar de la ocurren-cia de fuerzas internas de elevación localizadas. Con la implementación de un diseño optimo de las áreas abier-tas, el espesor, y parámetros adecuados del concreto y del acero, se mejorará la seguridad del proyecto con el método de elevación vertical</subfield>
   </datafield>
   <datafield ind2=" " ind1=" " tag="520">
      <subfield code="a">Postprint (published version)</subfield>
   </datafield>
   <datafield ind1="8" ind2=" " tag="024">
      <subfield code="a">http://hdl.handle.net/2117/441206</subfield>
   </datafield>
   <datafield tag="653" ind2=" " ind1=" ">
      <subfield code="a">Àrees temàtiques de la UPC::Enginyeria civil::Geotècnia::Túnels i excavacions</subfield>
   </datafield>
   <datafield tag="653" ind2=" " ind1=" ">
      <subfield code="a">Método de elevación vertical</subfield>
   </datafield>
   <datafield tag="653" ind2=" " ind1=" ">
      <subfield code="a">Pozo</subfield>
   </datafield>
   <datafield tag="653" ind2=" " ind1=" ">
      <subfield code="a">Túneles hidráulicos</subfield>
   </datafield>
   <datafield tag="653" ind2=" " ind1=" ">
      <subfield code="a">Respuesta estructural</subfield>
   </datafield>
   <datafield tag="653" ind2=" " ind1=" ">
      <subfield code="a">Diseño estratégico</subfield>
   </datafield>
   <datafield ind2="0" ind1="0" tag="245">
      <subfield code="a">Estrategias de diseño del revestimiento de túneles de transporte con el método de hinca vertical</subfield>
   </datafield>
   <datafield ind2="0" ind1="0" tag="245">
      <subfield code="a">Design strategy on shafts of conveyance tunnels constructed by vertical jacking method</subfield>
   </datafield>
</record></metadata></record></GetRecord></OAI-PMH>